Statistics for Shannon Airport Destinations (County Clare, Ireland)

Click here to take the quiz!

General Stats

  • This quiz has been taken 34 times
  • The average score is 19 of 34

Answer Stats

AirlineDestination% Correct
RyanairLondon (Gatwick)
100%
Aer LingusLondon (Heathrow)
100%
RyanairLondon (Stansted)
100%
RyanairEdinburgh
88%
RyanairManchester
88%
RyanairBirmingham
83%
Aer LingusBoston
83%
Aer LingusNew York (JFK)
83%
Aer LingusParis (Charles de Gaulle)
83%
United AirlinesNewark
79%
United AirlinesChicago (O'Hare)
75%
RyanairGran Canaria
63%
RyanairLiverpool
63%
RyanairMalaga
63%
RyanairPalma de Mallorca
63%
RyanairTenerife (South)
63%
RyanairAlicante
58%
RyanairFaro
54%
Ryanair/TUI AirwaysLanzarote
54%
RyanairNewcastle upon Tyne
50%
RyanairFuerteventura
46%
RyanairWarsaw (Modlin)
46%
RyanairCorfu
42%
RyanairKrakow
38%
RyanairMalta
38%
Ryanair/TUI AirwaysReus
38%
RyanairGirona
33%
RyanairMarseille
33%
RyanairWroclaw
33%
RyanairNaples
29%
RyanairBudapest
25%
RyanairKaunas
17%
RyanairTuriin
17%
RyanairBeziers
8%

Score Distribution

Percentile by Number Answered

Percent of People with Each Score

Your Score History

You have not taken this quiz